| 000 | 00632nam a2200193 a 4500 | ||
|---|---|---|---|
| 001 | 000021759 | ||
| 005 | 20200930011434.0 | ||
| 008 | 100910s1990 cu a r 000 | spa d | ||
| 040 |
_aDO-SdBNP _bspa _cBNPHU |
||
| 082 |
_a972.91 _bC957e |
||
| 100 | 1 |
_aCruz, Manuel de la, _d1861-1896 _945212 |
|
| 245 | 1 | 0 |
_aEpisodios de la revolución Cubana / _cManuel de la Cruz. |
| 260 |
_aLa Habana, (Cuba) : _bEditorial de Ciencias Sociales, _c1990. |
||
| 300 |
_a166 p. : _ail. ; _c19 cm. |
||
| 500 | _aIncluye notas al pie de páginas | ||
| 651 | 4 |
_aCuba _xHistoria _xRevolución, 1933 _945213 |
|
| 651 | 4 |
_aCuba _xHistoria _9493 |
|
| 049 | _aBNGR | ||
| 999 |
_c21258 _d21258 |
||